000 02604nam a2200349 4500
005 20100510144847.0
008 700514s1968 enka 000 0 eng
010 _aB-422201-209
020 _c350.00
_a9789380231150
035 _aB-422201-209
037 _bUBH/VEN
040 _adpl
_bEnglish
082 _a340.0917645
100 _aDiwan, Paras
_926725
245 _aModern Hindu Law:
_cby Paras Diwan (and) Peeyushi Diwan
_b(codified and uncodified) /
250 _a20th ed.
260 _aDelhi
_bAllahabad Law Agency
_c2009
270 _a1559, Outram Lines, Near Kingsway Camp.
_bDelhi
_e110009
300 _axlviii, 610p.
_c25cm (pbk)
700 _aDiwan, Peeyushi
_926726
942 _2ddc
_cEN
_mDIW
_h340.0917645
999 _c35891
_d35891